<?xml version="1.0" encoding="UTF-8"?>
<record
    xmlns:xsi="http://www.w3.org/2001/XMLSchema-instance"
    xsi:schemaLocation="http://www.loc.gov/MARC21/slim http://www.loc.gov/standards/marcxml/schema/MARC21slim.xsd"
    xmlns="http://www.loc.gov/MARC21/slim">

  <leader>01321nam0a2200301   4500</leader>
  <controlfield tag="001">RU\NLR\bibl\451190</controlfield>
  <controlfield tag="005">20260406125017.0</controlfield>
  <datafield tag="010" ind1=" " ind2=" ">
    <subfield code="a">5-08-003842-X</subfield>
    <subfield code="9">5000</subfield>
  </datafield>
  <datafield tag="021" ind1=" " ind2=" ">
    <subfield code="a">RU</subfield>
    <subfield code="b">2003-51404</subfield>
    <subfield code="9">2487</subfield>
  </datafield>
  <datafield tag="035" ind1=" " ind2=" ">
    <subfield code="a">(NLR Aleph) 000444821</subfield>
  </datafield>
  <datafield tag="090" ind1=" " ind2=" ">
    <subfield code="a">836821</subfield>
    <subfield code="c">836821</subfield>
  </datafield>
  <datafield tag="100" ind1=" " ind2=" ">
    <subfield code="a">20031024d2003    |||y0rusy50      ca</subfield>
  </datafield>
  <datafield tag="101" ind1="0" ind2=" ">
    <subfield code="a">rus</subfield>
  </datafield>
  <datafield tag="102" ind1=" " ind2=" ">
    <subfield code="a">RU</subfield>
  </datafield>
  <datafield tag="105" ind1=" " ind2=" ">
    <subfield code="a">a   |||||||||</subfield>
  </datafield>
  <datafield tag="200" ind1="1" ind2=" ">
    <subfield code="a">&#x427;&#x438;&#x441;&#x442;&#x44B;&#x439; &#x43F;&#x43E;&#x43D;&#x435;&#x434;&#x435;&#x43B;&#x44C;&#x43D;&#x438;&#x43A;</subfield>
    <subfield code="e">&#x41F;&#x43E;&#x432;&#x435;&#x441;&#x442;&#x438; &#x438; &#x440;&#x430;&#x441;&#x441;&#x43A;&#x430;&#x437;&#x44B;</subfield>
    <subfield code="e">[&#x414;&#x43B;&#x44F; &#x441;&#x442;. &#x448;&#x43A;. &#x432;&#x43E;&#x437;&#x440;&#x430;&#x441;&#x442;&#x430;]</subfield>
    <subfield code="f">&#x418;.&#x410;. &#x411;&#x443;&#x43D;&#x438;&#x43D;</subfield>
    <subfield code="g">[&#x412;&#x441;&#x442;&#x443;&#x43F;. &#x441;&#x442;. &#x41A;.&#x413;. &#x41F;&#x430;&#x443;&#x441;&#x442;&#x43E;&#x432;&#x441;&#x43A;&#x43E;&#x433;&#x43E;</subfield>
    <subfield code="g">&#x41A;&#x43E;&#x43C;&#x43C;&#x435;&#x43D;&#x442;. &#x410;. &#x411;&#x430;&#x431;&#x43E;&#x440;&#x435;&#x43D;&#x43A;&#x43E; &#x438; &#x434;&#x440;.]</subfield>
  </datafield>
  <datafield tag="210" ind1=" " ind2=" ">
    <subfield code="a">&#x41C;.</subfield>
    <subfield code="c">&#x414;&#x435;&#x442;. &#x43B;&#x438;&#x442;.</subfield>
    <subfield code="d">2003</subfield>
  </datafield>
  <datafield tag="215" ind1=" " ind2=" ">
    <subfield code="a">379,[2] &#x441;.</subfield>
    <subfield code="c">&#x438;&#x43B;.</subfield>
    <subfield code="d">21</subfield>
  </datafield>
  <datafield tag="225" ind1="1" ind2=" ">
    <subfield code="a">&#x428;&#x43A;&#x43E;&#x43B;&#x44C;&#x43D;&#x430;&#x44F; &#x431;&#x438;&#x431;&#x43B;&#x438;&#x43E;&#x442;&#x435;&#x43A;&#x430;</subfield>
  </datafield>
  <datafield tag="327" ind1="1" ind2=" ">
    <subfield code="a">&#x421;&#x43E;&#x434;&#x435;&#x440;&#x436;.: &#x41D;&#x430; &#x43A;&#x440;&#x430;&#x439; &#x441;&#x432;&#x435;&#x442;&#x430;; &#x410;&#x43D;&#x442;&#x43E;&#x43D;&#x43E;&#x432;&#x441;&#x43A;&#x438;&#x435; &#x44F;&#x431;&#x43B;&#x43E;&#x43A;&#x438;; &#x421;&#x43E;&#x441;&#x43D;&#x44B;; &#x417;&#x43E;&#x43B;&#x43E;&#x442;&#x43E;&#x435; &#x434;&#x43D;&#x43E;; &#x414;&#x430;&#x43B;&#x435;&#x43A;&#x43E;&#x435;; &#x426;&#x438;&#x444;&#x440;&#x44B;; &#x421;&#x443;&#x445;&#x43E;&#x434;&#x43E;&#x43B;; &#x417;&#x430;&#x445;&#x430;&#x440; &#x412;&#x43E;&#x440;&#x43E;&#x431;&#x44C;&#x435;&#x432;; &#x41A;&#x43D;&#x44F;&#x437;&#x44C; &#x432;&#x43E; &#x43A;&#x43D;&#x44F;&#x437;&#x44C;&#x44F;&#x445;; &#x425;&#x443;&#x434;&#x430;&#x44F; &#x442;&#x440;&#x430;&#x432;&#x430; &#x438; &#x434;&#x440;.</subfield>
  </datafield>
  <datafield tag="686" ind1=" " ind2=" ">
    <subfield code="a">&#x428;9(2)62=&#x420;5-4</subfield>
  </datafield>
  <datafield tag="700" ind1=" " ind2="1">
    <subfield code="4">070</subfield>
    <subfield code="8">rus</subfield>
    <subfield code="7">ca</subfield>
    <subfield code="a">&#x411;&#x443;&#x43D;&#x438;&#x43D;</subfield>
    <subfield code="b">&#x418;. &#x410;.</subfield>
    <subfield code="f">1870-1953</subfield>
    <subfield code="g">&#x418;&#x432;&#x430;&#x43D; &#x410;&#x43B;&#x435;&#x43A;&#x441;&#x435;&#x435;&#x432;&#x438;&#x447;</subfield>
    <subfield code="3">RU\NLR\auth\771321</subfield>
    <subfield code="9">111348</subfield>
  </datafield>
  <datafield tag="801" ind1=" " ind2="0">
    <subfield code="a">RU</subfield>
    <subfield code="b">NLR</subfield>
    <subfield code="c">20031024</subfield>
    <subfield code="g">PSBO</subfield>
  </datafield>
  <datafield tag="801" ind1=" " ind2="1">
    <subfield code="a">RU</subfield>
    <subfield code="b">NLR</subfield>
    <subfield code="c">20031024</subfield>
  </datafield>
  <datafield tag="942" ind1=" " ind2=" ">
    <subfield code="c">BOOK</subfield>
  </datafield>
  <datafield tag="980" ind1=" " ind2=" ">
    <subfield code="a">NB</subfield>
  </datafield>
  <datafield tag="995" ind1=" " ind2=" ">
    <subfield code="5">2003-10-24</subfield>
    <subfield code="a">ad</subfield>
    <subfield code="b">NLR01</subfield>
    <subfield code="c">NLR01</subfield>
    <subfield code="e">RF3</subfield>
    <subfield code="f">572929</subfield>
    <subfield code="k">2003-3/25666</subfield>
    <subfield code="o">0</subfield>
    <subfield code="r">BOOK</subfield>
    <subfield code="s">2003325666_</subfield>
  </datafield>
  <datafield tag="995" ind1=" " ind2=" ">
    <subfield code="5">2003-10-24</subfield>
    <subfield code="a">ad</subfield>
    <subfield code="b">NLR01</subfield>
    <subfield code="c">NLR01</subfield>
    <subfield code="e">RF3</subfield>
    <subfield code="f">572930</subfield>
    <subfield code="k">2003-3/25666</subfield>
    <subfield code="o">0</subfield>
    <subfield code="r">BOOK</subfield>
    <subfield code="s">2003325666_</subfield>
  </datafield>
</record>
